000
00327nam a22001457a 4500
008
230720b ||||| |||| 00| 0 eng d
020
_a
9780674403401
041
_a
eng
080
_a
101
082
_a
101STI
100
_a
44
101
_a
FILOZOFI
245
_a
THE HISTORY OF STATISTICS
_c
STIGLER . M .S
942
_2
udc
_c
BK
999
_c
60187
_d
60187